000 00859nam a2200253Ia 4500
003 OSt
005 20220923225128.0
006 a|||||r|||| 00| 0
007 ta
008 220922b |||||||| |||| 00| 0 hin d
024 _a257,975
037 _cTextual
040 _aARTS
_cARTS
_bhin
041 _2hin
_ahin
082 _aY:1.2'C, 152M2
100 _aजैन, सागरमल
245 0 _aजैन बौद्व और गीता का समाज दर्शन
246 _aJain baudva aur gītā kā samāj darshana
260 _aजयपुर
_b प्राकृत भारती संस्थान
_c1982
300 _a112पृ.
_ccm.
650 _aभारतीय-लोक साहित्य
942 _hY:1.2'C, 152M2
_cTEXL
_2CC
999 _c376274
_d376274